000212997 001__ 212997
000212997 005__ 20250827141540.0
000212997 037__ $$aGSI-2018-00787
000212997 041__ $$ager
000212997 1001_ $$0P:(DE-HGF)0$$aGSI$$b0$$eEditor
000212997 245__ $$aForschungs- und Entwicklungsprogramm 1975 : (Programmbudget) ; Stand Oktober 1974
000212997 260__ $$aDarmstadt$$bGSI$$c1974
000212997 300__ $$a20 Seiten
000212997 3367_ $$2BibTeX$$aBOOK
000212997 3367_ $$0PUB:(DE-HGF)3$$2PUB:(DE-HGF)$$aBook$$bbook$$mbook$$s1530780174_10493
000212997 3367_ $$2DataCite$$aOutput Types/Book
000212997 3367_ $$2ORCID$$aBOOK
000212997 3367_ $$01$$2EndNote$$aBook
000212997 3367_ $$2DRIVER$$abook
000212997 536__ $$0G:(DE-HGF)POF3-899$$a899 - ohne Topic (POF3-899)$$cPOF3-899$$fPOF III$$x0
000212997 8527_ $$2DE-Ds200$$aGSI/FAIR Library$$bMonography$$cS GSI-PB 1974$$h-$$p00040426$$t1
000212997 8527_ $$2DE-Ds200$$aGSI/FAIR Library$$bMonography$$cS GSI-POB 1974$$h-$$p00040464$$t2
000212997 8767_ $$2DE-Ds200$$aGSI/FAIR Library$$d1900-01-01$$eUnknown$$h4 weeks$$javailable$$p00040426$$t1
000212997 8767_ $$2DE-Ds200$$aGSI/FAIR Library$$d1900-01-01$$eUnknown$$h4 weeks$$javailable$$p00040464$$t2
000212997 909CO $$ooai:repository.gsi.de:212997$$pVDB
000212997 9131_ $$0G:(DE-HGF)POF3-899$$1G:(DE-HGF)POF3-890$$2G:(DE-HGF)POF3-800$$3G:(DE-HGF)POF3$$4G:(DE-HGF)POF$$aDE-HGF$$bProgrammungebundene Forschung$$lohne Programm$$vohne Topic$$x0
000212997 9201_ $$0I:(DE-Ds200)BUD-20051214OR030$$kBUD$$lBibliothek & Dokumentation$$x0
000212997 9801_ $$aOPAC
000212997 980__ $$abook
000212997 980__ $$aVDB
000212997 980__ $$aI:(DE-Ds200)20120319OR030
000212997 980__ $$aI:(DE-Ds200)BUD-20051214OR030
000212997 980__ $$aUNRESTRICTED